000
00248nam a2200109Ia 4500
008
190216s9999||||xx |||||||||||||| ||und||
100
_a
Pilla K K
245
0
_a
Dakshinenthia Charithram
260
_b
Current Books
650
_a
History
942
_c
BK
999
_c
18912
_d
18912